• 首页
  • 本馆介绍
  • 公告通知
  • 最新文献
  • 馆藏检索
  • 电子资源
  • 读者导购
  • 参考咨询
  • 我的图书馆
  • 登录
  • 详细信息显示
  • 放入我的书架
  • 预约/预借图书
  • 作者相关作品
  • 分类相关作品
  • 丛书相关作品
  • 出版社相关作品

书目信息

  • 表格格式
  • 工作单格式
  • 卡片格式
题名:
俄罗斯与欧洲关系研究
    
 
作者: 毕洪业 著
分册:  
出版信息: 北京   中央编译出版社  2009
页数: 271页
开本: 24cm
丛书名:
单 册:
中图分类: D851.29 , D850.9
科图分类:
主题词: 国际关系史--研究--俄罗斯--欧洲 , 国际关系史
电子资源:
ISBN: 978-7-80211-931-4
000 00871nam0 2200253 45
001 1029957343
005 20100428143941.17
010    @a978-7-80211-931-4@dCNY39.00
100    @a20100420d2009 em y0chiy50 ea
101 0  @achi
102    @aCN@b110000
105    @ay z 000yy
106    @ar
200 1  @a俄罗斯与欧洲关系研究@AE Luo Si Yu Ou Zhou Guan Xi Yan Jiu@f毕洪业著@FBi Hong Ye Zhu
210    @a北京@c中央编译出版社@d2009
215    @a271页@d24cm
330    @a本书通过分析俄罗斯文化传统中的欧洲认知和双边关系中存在的现实影响因素,对俄罗斯与欧洲关系的演变和发展进行了研究,并进一步探讨未来欧洲大陆安全体系的构建问题。
606 0  @a国际关系史@x研究@y俄罗斯@y欧洲
606 0  @a国际关系史
690    @aD851.29@v4
690    @aD850.9@v4
701  0 @a毕洪业@ABi Hong Ye@f(1969~)@4著
801  0 @aCN@bTANGWEI@c20100428
905    @b0594836-40@dD851.29@e56@f5
    
    俄罗斯与欧洲关系研究/毕洪业著.-北京:中央编译出版社,2009
    271页;24cm
    
    
    ISBN 978-7-80211-931-4:CNY39.00
    本书通过分析俄罗斯文化传统中的欧洲认知和双边关系中存在的现实影响因素,对俄罗斯与欧洲关系的演变和发展进行了研究,并进一步探讨未来欧洲大陆安全体系的构建问题。
●
相关链接 在E读中查询图书 在五车中查询图书 在当当中查询图书 在豆瓣中查询图书


正题名:俄罗斯与欧洲关系研究     索取号:D851.29/56         预约/预借

序号 登录号 条形码 馆藏地/架位号 状态 备注
1 0594836   205948368   第一样本阅览室/ [索取号:D851.29/56] 在馆    
2 0594837   205948377   第一借阅区/ [索取号:D851.29/56] 在馆    
3 0594838   205948386   第一借阅区/ [索取号:D851.29/56] 在馆    
4 0594839   205948395   第一借阅区/ [索取号:D851.29/56] 在馆    
5 0594840   205948402   第一借阅区/ [索取号:D851.29/56] 在馆    
唐山师范学院图书馆 欢迎您!
大连网信软件有限公司© 版权所有